000 00907nam a2200253 a 4500
001 BRL_1437
005 20190320211215.0
008 140114s1923----enkao#####---#001-0#ger-#
041 _ager
044 _aenk
050 4 _aNK2808
_b.N48 1923
100 1 _aNeugebauer, Rudolf
_926908
245 1 0 _aHandbuch der Orientalischen Teppichkunde
_cvon R. Neugebauer und J. Orendi ; mit einer einführung von Richard Graul.
260 _aLeipzig
_bKarl W. Hiersemann
_c1923
300 _axii, 246 p.
_bil., mapas plegables, láminas
_c24 cm.
440 0 _aHiersemanns handbücher
_vband 4
_97398
500 _aAu1656
500 _aEn la portada: ´ mit 152 teilweise ganzseitigen textabbildungen, 1 titelbild, 16 mehrfarbigen tafeln, 12 motivblattern, 1 karte´.
650 1 4 _aAlfombras orientales
_94435
700 1 _aOrendi, J.
_926909
700 1 _aGraul, Richard
_97472
902 _aGRL
942 _2lcc
_cB
999 _c10247
_d10247